| 000 | 00554nam a2200217Ia 4500 | ||
|---|---|---|---|
| 003 | OSt | ||
| 005 | 20230428100925.0 | ||
| 008 | 210423s2011 xx 000 0 und d | ||
| 020 | _a9788120310070 | ||
| 040 | _cAL | ||
| 041 | _aeng | ||
| 082 |
_a530.12 AGAB _223 |
||
| 100 |
_aAGARWAL (B K);PRAKASH (Hari). _994586 |
||
| 245 | _aQuantum mechanics. | ||
| 260 |
_aNew Delhi _bPHI Learning Pvt Ltd _c2011 |
||
| 300 |
_axiii,552 _bPB |
||
| 365 |
_b295 _cINR |
||
| 650 |
_aQuantum Mechanics _994587 |
||
| 906 | _amechanics. ; Quantum | ||
| 942 |
_2ddc _cBK |
||
| 999 |
_c161896 _d161896 |
||